The Story Of India's Partition/ (Record no. 200444)

MARC details
000 -LEADER
fixed length control field 00872nam a22002537a 4500
005 - DATE AND TIME OF LATEST TRANSACTION
control field 20240821112142.0
010 ## - LCCN (DPL NO)
LC control number ENG-139079 ENG-141343
020 ## - INTERNATIONAL STANDARD BOOK NUMBER
Terms of availability 780.00
International Standard Book Number 9789354095627
035 ## - SYSTEM CONTROL NUMBER
System control number EN-122611
035 ## - SYSTEM CONTROL NUMBER
System control number EN-124875
037 ## - SOURCE OF ACQUISITION
Source of stock number/acquisition DBAD
037 ## - SOURCE OF ACQUISITION
Stock number dpl
082 ## - DEWEY DECIMAL CLASSIFICATION NUMBER
Classification number 954.09
Item number 1
100 ## - MAIN ENTRY--PERSONAL NAME
Personal name Tanwar, Raghuvendra
245 1# - TITLE STATEMENT
Title The Story Of India's Partition/
Statement of responsibility, etc By Raghuvendra, Tanwar
260 ## - PUBLICATION, DISTRIBUTION, ETC. (IMPRINT)
Place of publication, distribution, etc New Delhi
Name of publisher, distributor, etc The director General, Publication Division
Date of publication, distribution, etc 2021
270 ## - ADDRESS
Address Soochna Bhawan, C.G.O. Complex, Lodhi Road, New Delhi
City New Delhi
Postal code 110003
300 ## - PHYSICAL DESCRIPTION
Extent 236p.:
Dimensions 30cm(Pb)
500 ## - GENERAL NOTE
General note Includes bibliographical references.
600 ## - SUBJECT ADDED ENTRY--PERSONAL NAME
Personal name Churchill, Winston,
Dates associated with a name 1874-1965.
650 ## - SUBJECT ADDED ENTRY--TOPICAL TERM
Topical term or geographic name as entry element Famines
Geographic subdivision India
-- Bengal.
650 ## - SUBJECT ADDED ENTRY--TOPICAL TERM
Topical term or geographic name as entry element World War, 1939-1945
General subdivision Influence.
942 ## - ADDED ENTRY ELEMENTS (KOHA)
Institution code [OBSOLETE] dpl
Item type English Books
Source of classification or shelving scheme Dewey Decimal Classification
Classification part 954.09
Call number suffix TAN
Holdings
Withdrawn status Lost status Not for loan Collection code Home library Current library Date acquired Source of acquisition Cost, normal purchase price Full call number Barcode Copy number Cost, replacement price Koha item type
      Non-fiction R.K.Puram-8 R.K.Puram-8 21/08/2024 Delivery of Books Act Division 780.00 954.09 TAN EN-124875 1 780.00 English Books
      Non-fiction Sarojini Nagar Sarojini Nagar 30/01/2024 DBAD/PUB 780.00 954.09 TAN EN-122611 1 780.00 English Books

© Delhi Public Library
Hit Counter
free hit counter